Que es el átomo : breve historia de la atomística /

Guardado en:
Autor Principal: Papp, Desiderio
Formato: Libro
Publicado: Buenos Aires : Columba, 1960
Edición:2a. ed.
Materias:
Etiquetas: Agregar Etiqueta
Sin Etiquetas, Sea el primero en etiquetar este registro!
LEADER 00678nam a22002175a 4500
001 CEM.cems004883
005 20060217000000.0
008 130507s1960##################000#0#####d
003 CEMS
082 0 4 |a 539 
100 1 |a Papp, Desiderio 
245 1 0 |a Que es el átomo :  |b breve historia de la atomística / 
250 |a 2a. ed. 
260 |a Buenos Aires :  |b Columba,  |c 1960 
300 |a 64 p. 
505 0 |a Desarrollo histórico de la ideas cuanticas.-La mecanica cuantica.- 
653 |a Atomo 
653 |a Física 
653 |a Física nuclear 
859 |a CEMS  |b BIB. CEMS - 11 de abril  |h 539  |i P189a2  |p 3510.75  |t Ej.1 
859 |a CEMS  |b BIB. CEMS - 11 de abril  |h 539  |i P189a2  |p 3511.75  |t Ej.2